Gestin̤ de fuerza de ventas y equipos comerciales

Bibliographic Details
Main Author: Garca̕ Palomo, Juan Pedro
Other Authors: Garca̕ Gallego, Javier
Format: eBook
Language:Spanish
Published: Bogot:̀ Ediciones de la U, 2018
Subjects:
Online Access:Acceso restringido

MARC

LEADER 00000nam a22000007a 4500
005 20210515152511.0
007 cr|||| ||||
008 210515s2018 co |||||s|||| 00||0 spa d
020 |a 978-958-762-782-4 
035 |a 33359 
040 |a vLex 
090 |c 11686  |d 11686 
100 1 |a Garca̕ Palomo, Juan Pedro 
245 1 0 |a Gestin̤ de fuerza de ventas y equipos comerciales  |h [Recurso electrn̤ico] /  |c Juan Pedro Garca̕ Palomo, Javier Garca̕ Gallego 
256 |a Servicio en ln̕ea 
260 |a Bogot:̀  |b Ediciones de la U,  |c 2018 
300 |a 1 recurso electrn̤ico 
500 |a Esta obra est ̀enmarcada dentro del Certificado de Profesionalidad COMT0411 Gestin̤ Comercial de Ventas, concretamente desarrollando el md̤ulo formativo MF1001_3 Gestin̤ de la fuerza de ventas y equipos comerciales. Los contenidos de la obra se cięn a los epg̕rafes especificados para cada unidad didc̀tica en el Real Decreto 1694/2011, de 18 de noviembre. Su facilidad de lectura, la claridad del lenguaje, as ̕como la simplicidad en la exposicin̤ de definiciones y contenidos complementados con numerosos ejemplos, ilustraciones y casos prc̀ticos, hacen de la obra un material accesible para cualquier persona que se est ̌formando en esta r̀ea o que simplemente desee ampliar sus conocimientos en marketing y comunicacin̤. 
506 1 |a Disponible solo en los productos indicados  |d vLex Global  |d vLex Global (Academic Edition, excluding Law Schools)  |d vLex Global (U.S. Academic Edition, Law Schools)  |d vLex Global (U.S. Academic Edition, excluding Law Schools)  |d vLex Global (Academic Edition, Law Schools) 
650 0 4 |a Comercio  |z Colombia 
650 0 4 |a Marketing  |z Colombia 
700 1 |a Garca̕ Gallego, Javier 
740 0 |a vLex Libros (Servicio en ln̕ea) 
856 4 0 |u https://vlex.com/source/gestion-de-fuerza-de-ventas-y-equipos-comerciales-33359  |z Acceso restringido 
942 |c BOOK 
999 0 |a Trade 
999 0 |a Marketing